书目信息 |
| 书名: | How did this happen? | |
| 作者: | James F .Hoge,JR | |
| 分册号: | ||
| 分册名: | 出版地: | Publicaaffairs |
|
| 出版社: | New York | |
| 出版时间: | 2001 | |
| 页数: | 324p | |
| 开本: | 22cm | |
| 丛书名: | ||
| 中图分类号: | ||
| 科图分类号: | ||
| 其他分类号: | K712.53 | |
| 主题词: | ||
| 电子资源: | ||
| 000 | 00396nam0 2200145 450 | |
| 001 | 202012195325 | |
| 005 | 20121107104846.0 | |
| 008 | 20010101s | |
| 020 | @a978-1-5864-8130-8@c$14.00 | |
| 099 | @dK712.53@eJ276 | |
| 245 | 10 | @aHow did this happen?@cJames F .Hoge,JR |
| 260 | 0 | @aPublicaaffairs@bNew York@c2001 |
| 300 | @a324p@c22cm | |
| 905 | @b008155-7 | |
| 905 | @aTSG@dK712.53@eJ276 | |
| How did this happen? / James F .Hoge,JR.-Publicaaffairs : New York , 2001 |
| 324p ; 22cm |
| ISBN 978-1-5864-8130-8$14.00 |
| ● |
| 相关链接 |
|
|
|
正题名:How did this happen?
索取号:K712.53/J276
 
预约/预借
| 序号 | 登录号 | 条形码 | 馆藏地/架位号 | 状态 | 备注 |
| 1 | 8155 | 300081550 | 社科库309/309社科库 995排1列3层/ [索取号:K712.53/J276] | 在馆 | |
| 2 | 8156 | 300081569 | 社科库309/309社科库 995排1列3层/ [索取号:K712.53/J276] | 在馆 | |
| 3 | 8157 | 300081578 | 社科库309/309社科库 995排1列3层/ [索取号:K712.53/J276] | 在馆 |